Православный Палестинский сборник (Запись № 6157764)

Подробности
000 -МАРКЕР
контрольное поле 03088nam1a2200445 4500
001 - ИДЕНТИФИКАТОР ЗАПИСИ
контрольное поле rc\1231292
005 - ИДЕНТИФИКАТОР ВЕРСИИ
контрольное поле 20260407130159.0
035 ## - ДРУГИЕ СИСТЕМНЫЕ НОМЕРА
Идентификатор записи (NLR Aleph) 005287490
100 ## - ДАННЫЕ ОБЩЕЙ ОБРАБОТКИ
Данные общей обработки 20260119 rusy50
101 0# - ЯЗЫК РЕСУРСА
Язык текста, звукозаписи и т.д. русский
102 ## - СТРАНА ПУБЛИКАЦИИ ИЛИ ПРОИЗВОДСТВА
Страна публикации российская федерация
105 ## - ПОЛЕ КОДИРОВАННЫХ ДАННЫХ: ТЕКСТОВЫЕ МАТЕРИАЛЫ, МОНОГРАФИЧЕСКИЕ
Кодированные данные о монографическом текстовом документе | zw |||||
200 1# - ЗАГЛАВИЕ И СВЕДЕНИЯ ОБ ОТВЕТСТВЕННОСТИ
Основное заглавие Православный Палестинский сборник
210 ## - ПУБЛИКАЦИЯ, РАСПРОСТРАНЕНИЕ И ДР.
Место издания, распространения и т.д. С. Петербург [Санкт-Петербург]
Имя издателя, распространителя и т. д. издание Православнаго Палестинскаго Общества
Дата издания, распространения и т.д. 1881–1916
Имя изготовителя Типография В. Киршбаума
215 ## - ФИЗИЧЕСКАЯ ХАРАКТЕРИСТИКА
Размеры 25–27
300 ## - ОБЩИЕ ПРИМЕЧАНИЯ
Текст примечания Частные загл. вып. указаны на шмуцтитулах
300 ## - ОБЩИЕ ПРИМЕЧАНИЯ
Текст примечания На обл. указана валовая нумерация вып.
300 ## - ОБЩИЕ ПРИМЕЧАНИЯ
Текст примечания Изд. возобновлено с 1954 г. под загл. "Палестинский сборник"
316 ## - ПРИМЕЧАНИЯ ОБ ОСОБЕННОСТЯХ ЭКЗЕМПЛЯРА
Текст примечания Экз. РНБ: с вып. 1 (63) (1954 г.) изд. хранится в РЖФ (см. шифр П23/2133)
Организация и экземпляр, к которому относится поле NLR
316 ## - ПРИМЕЧАНИЯ ОБ ОСОБЕННОСТЯХ ЭКЗЕМПЛЯРА
Текст примечания Экз. РНБ (18.311.1.9): вып. сплетены в один пер. и представляют собой конволюты: вып. 1–3; 4–6; 7–9; 10–12; 14–18; 19–20; 22–24; 25–27; 28–30; 31–32; 34–36; 43 [нач.] – 43 (продолж.); 52–54; с золотым тиснением на корешке и суперэкслибрисом Имп. б-ки: изобр. герба и буквы "И. Б." выпуски: 4–6; 7–9; 14–18; 22–24; 28–30; 31–32; 34–36; 43 [нач.] – 43 (продолж.); 52–54
Организация и экземпляр, к которому относится поле NLR: 18.311.1.9
320 ## - ПРИМЕЧАНИЯ О НАЛИЧИИ В ДОКУМЕНТЕ БИБЛИОГРАФИИ / УКАЗАТЕЛЯ
Текст примечания Библиогр. в подстроч. примеч.
488 #0 - ДРУГИЕ ВЗАИМОСВЯЗАННЫЕ ПРОИЗВЕДЕНИЯ (ДОКУМЕНТЫ)
Встроенное поле 001RU\NLR\INFOCOMM55\1000083632
Системный номер (АБИС) связанной записи 3637811
Место публикации СПб.
Дата публикации 1881 -
Имя издателя, распространителя и т.д. В.Н. Хитрово
Заглавие Православный Палестинский сборник
517 1# - ДРУГИЕ ВАРИАНТЫ ЗАГЛАВИЯ
Вариант заглавия Палестинский сборник
Язык заглавия русский
712 02 - НАИМЕНОВАНИЕ ОРГАНИЗАЦИИ - ВТОРИЧНАЯ ОТВЕТСТВЕННОСТЬ
Код отношения Издающая организация
Начальный элемент ввода Императорское православное Палестинское общество
Идентифицирующий признак Петербург
Идентификатор авторитетной/нормативной записи RU\NLR\AUTH\889974456
Системный номер авторитетной/нормативной записи 445811
801 #0 - ИСТОЧНИК ЗАПИСИ
Страна российская федерация
Организация NLR
Дата составления 20060306
Правила каталогизации psbo
801 #1 - ИСТОЧНИК ЗАПИСИ
Страна российская федерация
Организация ProSoft-M
Дата составления 20060306
Источник данных rusmarc
801 #2 - ИСТОЧНИК ЗАПИСИ
Страна российская федерация
Организация NLR
Дата составления 20060320
Источник данных rusmarc
852 ## - МЕСТОНАХОЖДЕНИЕ И ШИФР ХРАНЕНИЯ
Идентификатор организации NLR
Шифр хранения (Call Number) 18.311.1.9
852 ## - МЕСТОНАХОЖДЕНИЕ И ШИФР ХРАНЕНИЯ
Идентификатор организации NLR
Шифр хранения (Call Number) 132/3733
852 ## - МЕСТОНАХОЖДЕНИЕ И ШИФР ХРАНЕНИЯ
Идентификатор организации NLR
Шифр хранения (Call Number) + шифры разные
856 41 - МЕСТОНАХОЖДЕНИЕ ЭЛЕКТРОННЫХ РЕСУРОВ И ДОСТУП К НИМ
Имя пользователя (logon/login) SV_MBA
Эмуляция терминала (Terminal emulation) VIEW
Универсальный идентификатор ресурса (Uniform Resource Identifier) https://webservices.nlr.ru/viewer/file?name=t005287490_001.jpg
Тип доступа (Access method) Обложка
856 4# - МЕСТОНАХОЖДЕНИЕ ЭЛЕКТРОННЫХ РЕСУРОВ И ДОСТУП К НИМ
Имя пользователя (logon/login) SV_MBA
Эмуляция терминала (Terminal emulation) VIEW
Универсальный идентификатор ресурса (Uniform Resource Identifier) https://webservices.nlr.ru/viewer/file?name=p005287490_002.jpg
Непубликуемое примечание (Nonpublic note) 001
Тип доступа (Access method) Страница
856 4# - МЕСТОНАХОЖДЕНИЕ ЭЛЕКТРОННЫХ РЕСУРОВ И ДОСТУП К НИМ
Имя пользователя (logon/login) SV_MBA
Эмуляция терминала (Terminal emulation) VIEW
Универсальный идентификатор ресурса (Uniform Resource Identifier) https://webservices.nlr.ru/viewer/file?name=p005287490_003.jpg
Непубликуемое примечание (Nonpublic note) 002
Тип доступа (Access method) Страница
856 4# - МЕСТОНАХОЖДЕНИЕ ЭЛЕКТРОННЫХ РЕСУРОВ И ДОСТУП К НИМ
Имя пользователя (logon/login) SV_MBA
Эмуляция терминала (Terminal emulation) VIEW
Универсальный идентификатор ресурса (Uniform Resource Identifier) https://webservices.nlr.ru/viewer/file?name=p005287490_004.jpg
Непубликуемое примечание (Nonpublic note) 003
Тип доступа (Access method) Страница
856 4# - МЕСТОНАХОЖДЕНИЕ ЭЛЕКТРОННЫХ РЕСУРОВ И ДОСТУП К НИМ
Имя пользователя (logon/login) SV_MBA
Эмуляция терминала (Terminal emulation) VIEW
Универсальный идентификатор ресурса (Uniform Resource Identifier) https://webservices.nlr.ru/viewer/file?name=p005287490_005.jpg
Непубликуемое примечание (Nonpublic note) 004
Тип доступа (Access method) Страница
856 4# - МЕСТОНАХОЖДЕНИЕ ЭЛЕКТРОННЫХ РЕСУРОВ И ДОСТУП К НИМ
Имя пользователя (logon/login) SV_MBA
Эмуляция терминала (Terminal emulation) VIEW
Универсальный идентификатор ресурса (Uniform Resource Identifier) https://webservices.nlr.ru/viewer/file?name=p005287490_006.jpg
Непубликуемое примечание (Nonpublic note) 005
Тип доступа (Access method) Страница
942 ## - ДОПОЛНИТЕЛЬНЫЕ ЭЛЕМЕНТЫ ЗАПИСИ (АБИС)
Тип экземпляра АБИС Книга
980 ## - КОЛЛЕКЦИЯ
Название коллекции Национальная библиография

Нет доступных экземпляров.